LIBRARY ONLINE CATALOGUE

A Guide to the project management body of knowledge (Record no. 18333)

MARC details
000 -LEADER
fixed length control field 00451nam a22001577a 4500
008 - FIXED-LENGTH DATA ELEMENTS--GENERAL INFORMATION
fixed length control field 200722b xxu||||| |||| 00| 0 eng d
020 ## - INTERNATIONAL STANDARD BOOK NUMBER
International Standard Book Number 1628251845
040 ## - CATALOGING SOURCE
Original cataloging agency KABU
Transcribing agency KABU
050 ## - LIBRARY OF CONGRESS CALL NUMBER
Classification number HD69
Item number .P75G85 2017 c. 1
245 ## - TITLE STATEMENT
Title A Guide to the project management body of knowledge
250 ## - EDITION STATEMENT
Edition statement 6th ed.
260 ## - PUBLICATION, DISTRIBUTION, ETC. (IMPRINT)
Place of publication, distribution, etc. Pennsylvania
Name of publisher, distributor, etc. Project management
Date of publication, distribution, etc. 2017
300 ## - PHYSICAL DESCRIPTION
Extent xxix, 756 p.
650 ## - SUBJECT ADDED ENTRY--TOPICAL TERM
Topical term or geographic name as entry element Project management
942 ## - ADDED ENTRY ELEMENTS (KOHA)
Source of classification or shelving scheme Library of Congress Classification
Koha item type General Collection
Classification part HD69
Holdings
Withdrawn status Lost status Source of classification or shelving scheme Not for loan Home library Current library Date acquired Cost, normal purchase price Total Checkouts Full call number Barcode Date last seen Copy number Price effective from Koha item type Date last checked out
    Library of Congress Classification   Kabarak, Main Campus Kabarak, Main Campus 22/07/2020 10093.00   HD69 .P75G85 2017 c. 1 029312 02/08/2024 c. 1 22/07/2020 General Collection  
    Library of Congress Classification   Kabarak, Main Campus Kabarak, Main Campus 22/07/2020 10093.00   HD69 .P75G85 2017 c. 2 029313 02/08/2024 c. 2 22/07/2020 General Collection  
    Library of Congress Classification   Kabarak, Nakuru City Campus Kabarak, Nakuru City Campus 22/07/2020 10093.00 1 HD69 .P75G85 2017 c. 1 029314 08/02/2023 c. 1 22/07/2020 General Collection 23/01/2023